Les familles d'animaux - Statistiques

Statistiques générales
  • Ce quiz a été pris 54 fois
  • Le résultat moyen est 4 sur 15
Statistiques - réponses
Animal Famille % Correct
Le loupLe chien Canidae
97%
Le chat Felidae
82%
Le cheval Equidae
68%
La vacheLa chèvre Bovidae
59%
Le panda Ursidae
29%
Le lapin Léporidae
12%
Le cochon Suidae
12%
L'abeille Apidae
6%
Le canard Anatidae
3%
Le poulpe Octopodidae
3%
L'aigle Accipitridae
0%
Le kangourou Macropodidae
0%
L'autruche Struthionidae
0%
Le Merle Turdidae
0%
La chauve-souris Vespertilionidae
0%
Aucun quiz correspondant
Distribution des résultats
% des personnes avec chaque résultat
Percentile par nombre de réponses
Votre historique - résultats
Vous n’avez pas pris ce quiz